Language Quiz

Random Language Quiz

Increasingly Longer 'Q' Words Quiz Stats

Quiz not verified by Sporcle

Challenge
Share
Tweet
Embed
Score 0/10 Timer 02:00
0 Plays Today
Clue 'Q' Word % Correct
What you're currently playingQuiz
97%
Silent, not loud, softQuiet
94%
In the capacity ofQua
89.6%
Film director TarantinoQuentin
85.1%
The amount of somethingQuantity
85.1%
Someone who asks queriesQuestioner
73.1%
1,000,000,000,000,000,000Quintillion
71.6%
Mud that you get stuck inQuicksand
58.2%
Grain used as food stapleQuinoa
50.7%
The Elite Eight, for exampleQuarterfinal
37.3%

You're not logged in!

Compare scores with friends on all Sporcle quizzes.
Sign Up with Email
OR
Log In

You Might Also Like...

Show Comments

Extras

Top Quizzes Today


Score Distribution

Your Account Isn't Verified!

In order to create a playlist on Sporcle, you need to verify the email address you used during registration. Go to your Sporcle Settings to finish the process.